Detalles MARC
| 000 -LIDER |
| fixed length control field |
00815nam a22002537a 4500 |
| 001 - NÚMERO DE CONTROL |
| Identificador de número de control |
00796 |
| 003 - IDENTIFICACDOR DE NÚMERO DE CONTROL |
| control field |
DO-SdBNP |
| 005 - DATE AND TIME OF LATEST TRANSACTION |
| control field |
20180202111920.0 |
| 007 - CAMPOS FIJOS DE DESCRIPCIÓN FÍSICA |
| fixed length control field |
00796 |
| 008 - ELEMENTOS DE LONGITUD FIJA |
| fixed length control field |
160721b 1962 sp||||| |||| 00| 0 spa d |
| 040 ## - FUENTE DE CATALOGACIÓN |
| Agencia que crea de manera original el registro |
BPMSU |
| Idioma de catalogación |
spa |
| Agencia que realiza la transcripción |
BPMSU |
| 092 ## - LOCALLY ASSIGNED DEWEY DECIMAL CALL NUMBER |
| Número de clasificación |
xxxxxxx |
| Número de ítem (Cutter) |
xxxxxxx |
| 100 1# - ASIENTO PRINCIPAL -- NOMBRE PERSONAL |
| Nombre personal |
Aymé, Marcel |
| 245 1# - MENCIÓN DE TITULO |
| Título |
Aventuras de Delphine y Marinette |
| Mención de responsabilidad |
Marcel Aymé ; ilustraciones Cesca Jaume ; traducción Esther Tusquets |
| Subtítulo |
la pata del gato, las vacas, el problema |
| 260 ## - PUBLICACIÓN, DISTRIBUCIÓN, ETC. (PIE DE IMPRENTA) |
| Lugar de publicación, distribución, etc |
Barcelona : |
| Nombre del editor, distribuidor, etc. |
Lumen, |
| Fecha de publicación, distribución, etc |
1962. |
| 300 ## - DESCRIPCIÓN FÍSICA |
| Extensión |
108 p. : |
| Dimensiones |
19 cm. |
| Otros detalles físicos |
il. |
| 490 0# - MENCIÓN DE SERIES |
| Mención de serie |
Grandes autores para niños |
| Volume/sequential designation |
10 |
| 700 1# - ASIENTO SECUNDARIO -- NOMBRE PERSONAL |
| Nombre personal |
Tusquets, Esther, |
| Mención de responsabilidad |
tr. |
| 700 1# - ASIENTO SECUNDARIO -- NOMBRE PERSONAL |
| Nombre personal |
Jaume, Cesca |
| Mención de responsabilidad |
il. |
| 830 #0 - ASIENTO SECUNDARIO DE SERIE--TÍTULO UNIFORME |
| Título uniforme |
Grandes autores para niños |
| Número de la parte o sección de una obra |
10 |
| 942 ## - ADDED ENTRY ELEMENTS (KOHA) |
| Source of classification or shelving scheme |
Dewey Decimal Classification |
| Koha item type |
Libros |
| 945 ## - INFORMACIÓN DE PROCESAMIENTO LOCAL |
| Información de procesamiento local |
Inventariado, 2018/ YL |
| 956 ## - LOCAL ELECTRONIC LOCATION AND ACCESS (OCLC) |
| Nombre de host |
BTAVÁREZ |
| Número de acceso |
10 |
| Información de compresión |
20162107 |
| Trayectoria |
00796 |